Thermodynamics (Record no. 322979)

MARC details
000 -LEADER
fixed length control field 00437nam a2200157Ia 4500
008 - FIXED-LENGTH DATA ELEMENTS--GENERAL INFORMATION
fixed length control field 230718s9999 xx 000 0 und d
041 ## - LANGUAGE CODE
Language code of text/sound track or separate title eng
082 ## - DEWEY DECIMAL CLASSIFICATION NUMBER
Classification number 621.402'1
Item number BAL
100 ## - MAIN ENTRY--PERSONAL NAME
Personal name Balmer R.
9 (RLIN) 164628
245 ## - TITLE STATEMENT
Title Thermodynamics
Remainder of title Theory & Applications
260 ## - PUBLICATION, DISTRIBUTION, ETC. (IMPRINT)
Date of publication, distribution, etc. 1999
Name of publisher, distributor, etc. Jaico Publishing House
300 ## - PHYSICAL DESCRIPTION
Extent 849
365 ## - TRADE PRICE
Currency code Rs.
Price amount 450.00
700 ## - ADDED ENTRY--PERSONAL NAME
Personal name Balmer R.
9 (RLIN) 164628
906 ## - LOCAL DATA ELEMENT F, LDF (RLIN)
d O:0035227-Oct-2009B:47822-Sep-2009
c MECH
b 90
Holdings
Withdrawn status Lost status Damaged status Not for loan Home library Current library Date acquired Vendor Budget Code Cost, normal purchase price Bill number Total Checkouts Full call number Barcode Date last seen Date last checked out Discount Cost, replacement price Bill Date Koha item type Original Barcode
        Cummins College of Engineering for Women Pune Cummins College of Engineering for Women Pune 27/10/2009 Pradeep Book Distributors MECH 360.00 478 2 621.402'1 CCEP-BK-34186 17/03/2025 28/02/2025 90 450.00 22/09/2009 Books 034186